[Event "Poikovsky RUS"]
[Site "?"]
[Date "2006.03.19"]
[Round "2"]
[White "Ponomariov Ruslan"]
[Black "Sokolov Ivan"]
[Result "1/2-1/2"]
[WhiteElo "2723"]
[BlackElo "2689"]
[PlyCount "43"]
[EventDate "2006.??.??"]
[Source "www.chesslib.no"]
[SourceDate "2004.05.04"]

1. e4 e5 2. Nf3 Nc6 3. Bb5 a6 4. Ba4 Nf6 5. O-O Nxe4 6. d4 b5 7. Bb3 d5 8. dxe5 Be6 9. Nbd2 Be7 10. c3 O-O 11. Nd4 Nxd4 12. cxd4 Nxd2 13. Bxd2 c5 14. dxc5 Bxc5 15. Qh5 Bd4 16. Rad1 Qb6 17. Bb4 Rfe8 18. Rd2 g6 19. Qg5 a5 20. Bd6 a4 21. Bd1 Bc5 22. Bxc5 1/2-1/2

[Event "Amber-blind 9th"]
[Site "Monte Carlo"]
[Date "2000.03.24"]
[Round "8"]
[White "Shirov, Alexei"]
[Black "Piket, Jeroen"]
[Result "1-0"]
[WhiteElo "2751"]
[BlackElo "2633"]
[PlyCount "63"]
[EventDate "2000.03.16"]
[Source "ChessBase"]
[SourceDate "2000.05.31"]

1. e4 e5 2. Nf3 Nc6 3. Bb5 a6 4. Ba4 Nf6 5. O-O Nxe4 6. d4 b5 7. Bb3 d5 8. dxe5 Be6 9. Be3 Be7 10. c3 Nc5 11. Bc2 Nd7 12. Re1 Ndxe5 13. Nxe5 Nxe5 14. Bd4 Nc6 15. Bxg7 Rg8 16. Qh5 Qd6 17. Qh6 O-O-O 18. a4 b4 19. Bxh7 d4 20. Bxg8 Rxg8 21. Nd2 dxc3 22. Ne4 Qd5 23. bxc3 b3 24. Rad1 Qc4 25. Bf6 Bf5 26. Qf4 Bh3 27. g3 Rg4 28. Qf3 Ba3 29. Nd2 Qxa4 30. Nxb3 Rg8 31. Nd4 Bd7 32. Ra1 1-0

[Event "Leonid Stein mem"]
[Site "Lvov"]
[Date "2000.05.14"]
[Round "3"]
[White "Ivanchuk, Vassily"]
[Black "Krasenkow, Michal"]
[Result "1/2-1/2"]
[WhiteElo "2709"]
[BlackElo "2661"]
[PlyCount "117"]
[EventDate "2000.05.12"]
[Source "ChessBase"]
[SourceDate "2000.07.27"]

1. e4 e5 2. Nf3 Nc6 3. Bb5 a6 4. Ba4 Nf6 5. O-O Nxe4 6. d4 b5 7. Bb3 d5 8. dxe5 Be6 9. Be3 Be7 10. c3 O-O 11. Nbd2 Qd7 12. Re1 Kh8 13. Nxe4 dxe4 14. Qxd7 Bxd7 15. e6 Bxe6 16. Bxe6 fxe6 17. Nd2 Ne5 18. Nxe4 Nd3 19. Re2 c5 20. f3 c4 21. Nf2 Rad8 22. Nxd3 cxd3 23. Rd2 Rd5 24. Rad1 Rfd8 25. f4 Bf6 26. g3 h5 27. Kg2 e5 28. fxe5 Bxe5 29. Bd4 Kh7 30. Rxd3 b4 31. Kf3 bxc3 32. bxc3 Bf6 33. R3d2 Ra5 34. Ke2 Rc8 35. Rf1 Rc6 36. Kd3 Kg6 37. Rb1 Rf5 38. Rb4 Rf3+ 39. Ke4 Rf5 40. Ra4 Re6+ 41. Kd3 Rc6 42. Rb2 Re6 43. Rab4 Ra5 44. Rb6 Kf7 45. Rxe6 Kxe6 46. Bxf6 gxf6 47. c4 h4 48. gxh4 Ra3+ 49. Kd4 Rh3 50. Kc5 Rxh4 51. a4 Kd7 52. Rb7+ Kc8 53. Rf7 Rxh2 54. Kb6 Rb2+ 55. Kc6 Kb8 56. c5 a5 57. Rxf6 Rb4 58. Kd7 Rxa4 59. Rb6+ 1/2-1/2

[Event "Reykjavik Hrokurinn"]
[Site "Reykjavik"]
[Date "2003.02.24"]
[Round "6"]
[White "Shirov, Alexei"]
[Black "Kortschnoj, Viktor"]
[Result "1/2-1/2"]
[WhiteElo "2723"]
[BlackElo "2642"]
[PlyCount "82"]
[EventDate "2003.02.18"]
[Source "ChessBase"]
[SourceDate "2003.05.26"]

1. e4 e5 2. Nf3 Nc6 3. Bb5 a6 4. Ba4 Nf6 5. O-O Nxe4 6. d4 b5 7. Bb3 d5 8. dxe5 Be6 9. Nbd2 Be7 10. c3 O-O 11. Bc2 f5 12. exf6 Nxf6 13. Nb3 Bg4 14. Qd3 Ne4 15. Nbd2 Nf6 16. Ng5 g6 17. Ndf3 Qd6 18. h3 Bf5 19. Qe2 Bxc2 20. Qxc2 Rae8 21. Be3 Qd7 22. b3 Bd6 23. c4 Nb4 24. Qd2 dxc4 25. bxc4 bxc4 26. Qc3 h6 27. Qxc4+ Nbd5 28. Bd4 Qb5 29. Qc2 Nf4 30. Bxf6 Rxf6 31. Ne4 Rf7 32. Rfe1 Ref8 33. Nxd6 cxd6 34. Rad1 Qh5 35. Rxd6 Nxh3+ 36. gxh3 Qxf3 37. Rxg6+ Rg7 38. Re7 Qxf2+ 39. Qxf2 Rxg6+ 40. Qg2 Rxg2+ 41. Kxg2 Rf4 1/2-1/2

[Event "TCh-POL Ekstraliga"]
[Site "?"]
[Date "2005.09.10"]
[Round "8"]
[White "Navara David"]
[Black "Krasenkow Michal"]
[Result "1/2-1/2"]
[WhiteElo "2663"]
[BlackElo "2663"]
[PlyCount "149"]
[EventDate "2005.??.??"]
[Source "www.chesslib.no"]
[SourceDate "2004.05.04"]

1. e4 e5 2. Nf3 Nc6 3. Bb5 a6 4. Ba4 Nf6 5. O-O Nxe4 6. d4 b5 7. Bb3 d5 8. dxe5 Be6 9. Nbd2 Be7 10. c3 O-O 11. Bc2 f5 12. Nb3 Qd7 13. Nbd4 Nxd4 14. Nxd4 c5 15. Nxe6 Qxe6 16. f3 Ng5 17. a4 Rad8 18. axb5 axb5 19. Kh1 d4 20. cxd4 Kh8 21. Qe2 Rxd4 22. Qxb5 f4 23. Qe2 Rfd8 24. Ra6 Qd5 25. e6 h6 26. Ra7 Qd6 27. Re1 Nh7 28. Rd7 Rxd7 29. exd7 Bh4 30. g3 fxg3 31. hxg3 Nf8 32. Qe8 Kg8 33. f4 Bxg3 34. Re7 Qf6 35. Kg2 Bxf4 36. Rf7 Qxf7 37. Bh7+ Kxh7 38. Qxf7 Bxc1 39. Qxf8 Bg5 40. b3 Rd2+ 41. Kf1 Rd5 42. Qf7 Re5 43. Kf2 Bh4+ 44. Kf3 Bg5 45. Qe8 Rf5+ 46. Ke4 g6 47. Kd3 h5 48. Kc4 Kg7 49. Kb5 Kh7 50. Kc6 Kg7 51. Qe2 Kh7 52. Kd6 Kg7 53. Qb2+ Kh7 54. Ke6 Kg8 55. Qa1 Kh7 56. Qg1 Kg7 57. Qa1+ Kh7 58. Qa7 Rf6+ 59. Kd5 Rf5+ 60. Kd6 Kg8 61. Kc6 Kh8 62. Qc7 Kg8 63. Qb7 Kh8 64. Qa7 Kg8 65. Qc7 Kh8 66. d8=N Bxd8 67. Qxd8+ Kg7 68. Qe7+ Kg8 69. Kd6 Kh8 70. Kd7 Kg8 71. Ke8 Kh8 72. Qe3 Kg7 73. Ke7 Rf7+ 74. Kd6 Rf5 75. Ke6 1/2-1/2

[Event "Manila (ol)"]
[Site "?"]
[Date "1992.??.??"]
[Round "?"]
[White "Georgiev, Ki"]
[Black "Ivanchuk, V."]
[Result "1/2-1/2"]
[WhiteElo "2605"]
[BlackElo "2720"]
[PlyCount "115"]
[EventDate "1992.??.??"]
[Source "ChessBase"]
[SourceDate "1992.06.01"]

1. e4 e5 2. Nf3 Nc6 3. Bb5 a6 4. Ba4 Nf6 5. O-O Nxe4 6. d4 b5 7. Bb3 d5 8. dxe5 Be6 9. Be3 Be7 10. c3 Qd7 11. Nbd2 Rd8 12. Re1 O-O 13. Bc2 f5 14. exf6 Nxf6 15. Qb1 h6 16. Nh4 Ne5 17. Nb3 Nfg4 18. Nc5 Qc8 19. Nxe6 Qxe6 20. Bh7+ Kh8 21. Bf5 Qf7 22. Ng6+ Nxg6 23. Bxg4 Ne5 24. Be2 c5 25. Rd1 Nc6 26. Rf1 d4 27. cxd4 cxd4 28. Bc1 Nb4 29. Bd3 Nxd3 30. Qxd3 Qc4 31. Rd1 Bf6 32. a4 Rfe8 33. Kf1 Qc7 34. g3 Qc6 35. Kg1 bxa4 36. Bf4 Qb5 37. Qg6 d3 38. Bxh6 Re2 39. Be3 Bxb2 40. Qg4 Qd7 41. Qh4+ Kg8 42. Rxa4 Qd5 43. Qg4 Re8 44. Qc4 Qxc4 45. Rxc4 d2 46. Kf1 R8xe3 47. fxe3 Rxh2 48. Rh4 Rxh4 49. gxh4 Bc1 50. Ke2 a5 51. Rf1 a4 52. e4 a3 53. Rf5 g6 54. Rf6 Kg7 55. Ra6 Kf7 56. Kd1 Kg7 57. Kc2 Kf7 58. Rc6 1/2-1/2

[Event "Moscow 87/314"]
[Site "?"]
[Date "2003.??.??"]
[Round "?"]
[White "Svidler, P."]
[Black "Kaidanov, G."]
[Result "1-0"]
[WhiteElo "2693"]
[BlackElo "2629"]
[PlyCount "107"]
[EventDate "2003.??.??"]
[Source "Chess Informant"]
[SourceDate "2003.02.01"]

1. e4 e5 2. Nf3 Nc6 3. Bb5 a6 4. Ba4 Nf6 5. O-O Nxe4 6. d4 b5 7. Bb3 d5 8. dxe5 Be6 9. Nbd2 Nc5 10. c3 Be7 11. Bc2 d4 12. Nb3 d3 13. Nxc5 dxc2 14. Qxd8+ Rxd8 15. Nxe6 fxe6 16. Be3 Rd5 17. c4 bxc4 18. Rac1 Nxe5 19. Nxe5 Rxe5 20. Rxc2 Rb5 21. Rxc4 Rxb2 22. Rxc7 Kf7 23. g4 Re8 24. Rd1 Kg6 25. a4 Rb4 26. Rd4 a5 27. Rxb4 Bxb4 28. Kg2 Rd8 29. h4 h6 30. h5+ Kh7 31. Kf3 Rd1 32. Ke4 Rg1 33. f3 Re1 34. Kd3 Rd1+ 35. Kc2 Rf1 36. f4 Bd6 37. Rc4 Bb4 38. g5 hxg5 39. fxg5 Kg8 40. g6 Rf5 41. Rc8+ Bf8 42. Ra8 Rxh5 43. Bb6 Rh4 44. Rxa5 Rc4+ 45. Kd3 Rc6 46. Be3 Rc8 47. Ra7 e5 48. a5 Bb4 49. Bb6 Rb8 50. Kc4 Bf8 51. Rd7 e4 52. Rd8 Rxd8 53. Bxd8 e3 54. a6 1-0

[Event "GER"]
[Site "GER"]
[Date "1980.??.??"]
[Round "?"]
[White "Balashov, Yuri S"]
[Black "Korchnoi, Viktor L"]
[Result "1/2-1/2"]
[WhiteElo "2600"]
[BlackElo "2695"]
[PlyCount "45"]
[EventDate "1980.??.??"]
[Source "www.chesslib.no"]
[SourceDate "2004.05.04"]

1. e4 e5 2. Nf3 Nc6 3. Bb5 a6 4. Ba4 Nf6 5. O-O Nxe4 6. d4 b5 7. Bb3 d5 8. dxe5 Be6 9. c3 Be7 10. Nbd2 O-O 11. Bc2 f5 12. Nb3 Qd7 13. Nbd4 Nxd4 14. Nxd4 c5 15. Nxe6 Qxe6 16. f3 Ng5 17. a4 g6 18. Bxg5 Bxg5 19. f4 Be7 20. Qf3 b4 21. Rfe1 Rfd8 22. cxb4 c4 23. Rad1 1/2-1/2

[Event "Ubeda"]
[Site "?"]
[Date "1997.??.??"]
[Round "?"]
[White "Khalifman, A."]
[Black "Korchnoi, V."]
[Result "1/2-1/2"]
[WhiteElo "2650"]
[BlackElo "2635"]
[PlyCount "56"]
[EventDate "1997.??.??"]
[Source "ChessBase"]
[SourceDate "1997.02.01"]

1. e4 e5 2. Nf3 Nc6 3. Bb5 a6 4. Ba4 Nf6 5. O-O Nxe4 6. d4 b5 7. Bb3 d5 8. dxe5 Be6 9. Be3 Be7 10. c3 Nc5 11. Bc2 Nd7 12. Re1 Ndxe5 13. Nxe5 Nxe5 14. Bd4 Ng6 15. Bxg7 Rg8 16. Bxg6 Rxg7 17. Rxe6 hxg6 18. Re2 Kf8 19. Nd2 Rg8 20. Nf3 Bf6 21. Qd2 Qd6 22. Qh6+ Bg7 23. Qe3 Rh8 24. a4 bxa4 25. Rxa4 Bf6 26. Ra5 Kg7 27. Qc5 Rhd8 28. Qxd6 Rxd6 1/2-1/2

[Event "TCh-ROU Superliga"]
[Site "Predeal ROU"]
[Date "2007.10.17"]
[Round "5"]
[White "Nisipeanu, LD."]
[Black "Svetushkin, D."]
[Result "1-0"]
[WhiteElo "2668"]
[BlackElo "2604"]
[PlyCount "99"]
[EventDate "2007.10.13"]
[Source "www.chesslib.no"]
[SourceDate "2004.05.04"]

1. e4 e5 2. Nf3 Nc6 3. Bb5 a6 4. Ba4 Nf6 5. O-O Nxe4 6. d4 b5 7. Bb3 d5 8. dxe5 Be6 9. Nbd2 Nc5 10. c3 Be7 11. Bc2 d4 12. Nb3 d3 13. Nxc5 dxc2 14. Qxd8+ Rxd8 15. Nxe6 fxe6 16. Be3 Rd5 17. Rfc1 Nxe5 18. Nxe5 Rxe5 19. Bd4 Rg5 20. Rxc2 Kf7 21. Be3 Rd5 22. c4 bxc4 23. Rxc4 Bd6 24. b3 Rb8 25. Rac1 Ke7 26. Kf1 Kd7 27. Ke2 Rf8 28. Bc5 Re5+ 29. Kf1 Bxc5 30. Rxc5 Rxc5 31. Rxc5 Rf5 32. Rc2 Kd6 33. Ke2 Re5+ 34. Kd3 Rd5+ 35. Kc3 Rc5+ 36. Kb2 Rxc2+ 37. Kxc2 c5 38. Kd3 Kd5 39. h4 g6 40. g4 e5 41. f3 Ke6 42. Ke4 Kd6 43. f4 exf4 44. Kxf4 h6 45. h5 Ke6 46. hxg6 Kf6 47. g7 Kxg7 48. Kf5 Kf7 49. a4 Kg7 50. a5 1-0

[Event "Koop Tjuchem"]
[Site "Groningen"]
[Date "1996.??.??"]
[Round "6"]
[White "Leko, Peter"]
[Black "Kortschnoj, Viktor"]
[Result "1/2-1/2"]
[WhiteElo "2630"]
[BlackElo "2635"]
[PlyCount "107"]
[EventDate "1996.12.20"]
[Source "ChessBase"]
[SourceDate "1997.04.10"]

1. e4 e5 2. Nf3 Nc6 3. Bb5 a6 4. Ba4 Nf6 5. O-O Nxe4 6. d4 b5 7. Bb3 d5 8. dxe5 Be6 9. Nbd2 Nc5 10. c3 Be7 11. Bc2 Bg4 12. h3 Bh5 13. Re1 O-O 14. Nf1 f6 15. exf6 Bxf6 16. Ng3 Bg6 17. Bxg6 hxg6 18. Qc2 Ne7 19. Bf4 Qd7 20. Ne5 Bxe5 21. Bxe5 Rae8 22. Nf1 Ne4 23. f3 Ng5 24. Qd2 Ne6 25. Ne3 g5 26. Rad1 c6 27. Ng4 Ng6 28. Bd4 Qd6 29. b4 Re7 30. Bf2 Rfe8 31. Re3 Qc7 32. Rde1 Nef4 33. Kf1 Rxe3 34. Bxe3 Qf7 35. g3 Ne6 36. Kg2 Rf8 37. Rf1 Qf5 38. Qd1 Ne5 39. Nxe5 Qxe5 40. Qd3 Qf5 41. Qxf5 Rxf5 42. a4 bxa4 43. Ra1 Rf8 44. Rxa4 Ra8 45. g4 Kf7 46. Kg3 Kf6 47. Ra5 g6 48. Ra1 Kf7 49. f4 gxf4+ 50. Bxf4 g5 51. Be3 Kg6 52. h4 gxh4+ 53. Kxh4 Nc7 54. Bd4 1/2-1/2

[Event "Ubeda"]
[Site "?"]
[Date "1997.??.??"]
[Round "?"]
[White "Lautier, J."]
[Black "Korchnoi, V."]
[Result "1-0"]
[WhiteElo "2630"]
[BlackElo "2635"]
[PlyCount "115"]
[EventDate "1997.??.??"]
[Source "ChessBase"]
[SourceDate "1997.02.01"]

1. e4 e5 2. Nf3 Nc6 3. Bb5 Nf6 4. O-O Nxe4 5. d4 a6 6. Ba4 b5 7. Bb3 d5 8. dxe5 Be6 9. Be3 Be7 10. c3 Qd7 11. Nbd2 Bg4 12. Nxe4 dxe4 13. Qd5 Qxd5 14. Bxd5 O-O-O 15. Bxc6 exf3 16. gxf3 Bd7 17. Be4 Be6 18. a4 f5 19. Bc6 b4 20. cxb4 Bxb4 21. f4 Bb3 22. Rfc1 Bd2 23. Bxd2 Rxd2 24. Rc3 Rxb2 25. Rac1 Be6 26. Bg2 Rb4 27. Rxc7+ Kb8 28. Re7 Rc8 29. Re1 Bb3 30. a5 Ba4 31. Rxg7 Rc7 32. Rg8+ Rc8 33. Rg7 Rc7 34. Rg8+ Rc8 35. Rg5 Rxf4 36. e6 Re8 37. Rg7 Rg4 38. Rxg4 fxg4 39. Bd5 Kc7 40. Re4 Bd1 41. Bc4 Bf3 42. Re3 Bc6 43. Kf1 Bb7 44. Rb3 Bf3 45. Ke1 h5 46. Kd2 Kd6 47. Rb6+ Kc5 48. Kc3 Bc6 49. Rxa6 Rf8 50. e7 Rf3+ 51. Kd2 Ba4 52. Be2 Rxf2 53. Ra8 Rxh2 54. Rc8+ Kd6 55. e8=Q Bxe8 56. Rxe8 g3 57. a6 Rh1 58. a7 1-0

[Event "5th Staunton Mem"]
[Site "London ENG"]
[Date "2007.08.09"]
[Round "3"]
[White "Adams, Mi"]
[Black "Smeets, J."]
[Result "1-0"]
[WhiteElo "2724"]
[BlackElo "2538"]
[PlyCount "93"]
[EventDate "2007.08.07"]
[Source "www.chesslib.no"]
[SourceDate "2004.05.04"]

1. e4 e5 2. Nf3 Nc6 3. Bb5 a6 4. Ba4 Nf6 5. O-O Nxe4 6. d4 b5 7. Bb3 d5 8. dxe5 Be6 9. Nbd2 Nc5 10. c3 Be7 11. Bc2 d4 12. Nb3 d3 13. Nxc5 dxc2 14. Qxd8+ Rxd8 15. Nxe6 fxe6 16. Be3 Rd5 17. Rfc1 Nxe5 18. Nxe5 Rxe5 19. Bd4 Rg5 20. Rxc2 Kf7 21. Be3 Rg4 22. b3 Rd8 23. g3 e5 24. Kg2 Rg6 25. c4 Rc6 26. Rac1 b4 27. c5 Rf6 28. Rc4 a5 29. Re4 Rd5 30. a3 bxa3 31. Ra4 Rd3 32. Rxa3 a4 33. Rxa4 Rxb3 34. h4 Rd3 35. Ra7 Rc6 36. Kf3 Ke6 37. Ke4 Rb3 38. Rc4 Rb5 39. Ra1 h5 40. Ra2 Bf6 41. Ra8 Kf7 42. Rca4 Ke6 43. Rh8 g6 44. Rh6 Kf7 45. Kd5 Rcxc5+ 46. Bxc5 Kg7 47. Ra6 1-0

[Event "Nationale I"]
[Site "Clermont Ferrand"]
[Date "2003.05.08"]
[Round "9.1"]
[White "Dorfman, Josif D"]
[Black "Tkachiev, Vladislav"]
[Result "1/2-1/2"]
[WhiteElo "2610"]
[BlackElo "2643"]
[PlyCount "77"]
[EventDate "2003.05.07"]
[Source "Roberto Alvarez"]
[SourceDate "2003.05.12"]

1. e4 e5 2. Nf3 Nc6 3. Bb5 a6 4. Ba4 Nf6 5. O-O Be7 6. Re1 b5 7. Bb3 O-O 8. c3 d5 9. d4 Nxe4 10. dxe5 Be6 11. Nd4 Qe8 12. f3 Nc5 13. Bc2 Qd7 14. Nd2 a5 15. Nf1 b4 16. Ng3 g6 17. Bh6 Rfd8 18. Qd2 bxc3 19. bxc3 Rab8 20. Bg5 Rb6 21. Rab1 Ra6 22. Bf6 Qe8 23. Nh5 Nxd4 24. Bxe7 Nxf3+ 25. gxf3 Qxe7 26. Qh6 f5 27. exf6 Qf8 28. Ng3 Rb6 29. Qd2 Ra6 30. Ra1 Qe8 31. Rab1 Bf5 32. Nxf5 Ne6 33. Nh6+ Kf8 34. Ng4 Nc5 35. Bd3 Qxe1+ 36. Rxe1 Rb8 37. Bc2 Raa8 38. Re8+ Kxe8 39. Ne5 1/2-1/2

[Event "Espana 85/319"]
[Site "?"]
[Date "2002.??.??"]
[Round "?"]
[White "Bologan, V."]
[Black "Korneev, O."]
[Result "1-0"]
[WhiteElo "2652"]
[BlackElo "2599"]
[PlyCount "149"]
[EventDate "2002.??.??"]
[Source "Chess Informant"]
[SourceDate "2002.06.01"]

1. e4 e5 2. Nf3 Nc6 3. Bb5 a6 4. Ba4 Nf6 5. O-O b5 6. Bb3 Nxe4 7. d4 d5 8. dxe5 Be6 9. Nbd2 Nc5 10. c3 Be7 11. Bc2 d4 12. Ne4 d3 13. Nxc5 dxc2 14. Qxd8+ Rxd8 15. Nxe6 fxe6 16. Be3 Rd5 17. c4 bxc4 18. Rac1 Nxe5 19. Nxe5 Rxe5 20. Rxc2 Re4 21. Rfc1 Kd7 22. Rxc4 Rxc4 23. Rxc4 Rb8 24. Bd4 g6 25. Bc3 a5 26. Kf1 Bb4 27. Bd4 Rb5 28. Ke2 Bd6 29. a4 Rd5 30. b3 h5 31. h3 Bb4 32. Be3 c5 33. Rf4 Ke7 34. Rf3 Bc3 35. Bc1 Re5+ 36. Kd3 Bb4 37. Be3 Rd5+ 38. Kc4 g5 39. g4 hxg4 40. hxg4 Re5 41. Kd3 Rd5+ 42. Ke2 Ba3 43. Bd2 Bb4 44. Bc1 Re5+ 45. Re3 Rd5 46. Rd3 Kf6 47. Bb2+ Ke7 48. f3 c4 49. bxc4 Rc5 50. Rd4 Rc8 51. Bc1 Kf6 52. Kd3 Rh8 53. Rd7 Rh1 54. Bb2+ Kg6 55. Kc2 Re1 56. Rd3 e5 57. Bc3 Bxc3 58. Rxc3 Kf6 59. c5 Ke7 60. c6 Kd8 61. c7+ Kc8 62. Kd2 Ra1 63. Rc4 Ra2+ 64. Ke3 Ra1 65. Ke4 Ra3 66. Kf5 Rxf3+ 67. Kxg5 Rb3 68. Rc5 e4 69. Rxa5 e3 70. Re5 Kxc7 71. Kf5 Kd6 72. g5 Rc3 73. Re6+ Kd7 74. Re4 Rc5+ 75. Kf6 1-0

[Event "Shenyang"]
[Site "?"]
[Date "1999.??.??"]
[Round "?"]
[White "Sutovsky, E."]
[Black "Krasenkow, M."]
[Result "1/2-1/2"]
[WhiteElo "2585"]
[BlackElo "2645"]
[PlyCount "138"]
[EventDate "1999.??.??"]
[Source "Chess Informant"]
[SourceDate "1999.06.01"]

1. e4 e5 2. Nf3 Nc6 3. Bb5 a6 4. Ba4 Nf6 5. O-O Nxe4 6. d4 b5 7. Bb3 d5 8. dxe5 Be6 9. Nbd2 Nc5 10. c3 Be7 11. Bc2 d4 12. Ne4 d3 13. Nxc5 dxc2 14. Qxd8+ Rxd8 15. Nxe6 fxe6 16. Be3 Rd5 17. Rfc1 Nxe5 18. Nxe5 Rxe5 19. Rxc2 O-O 20. g3 Bc5 21. Bf4 Ref5 22. Re1 g5 23. Be3 Bxe3 24. Rxe3 Kf7 25. Rce2 Re8 26. Re5 h5 27. h3 Re7 28. Kg2 Kf6 29. R5e4 Rd5 30. f4 e5 31. fxg5+ Kxg5 32. Rf2 Rg7 33. c4 Rc5 34. b3 bxc4 35. b4 Rd5 36. Rxc4 Rd3 37. a4 Kh6 38. Rf6+ Kh7 39. g4 hxg4 40. hxg4 Rd4 41. Rxd4 exd4 42. Rf4 Rd7 43. Kf2 d3 44. Ke1 d2+ 45. Kd1 Kg6 46. Rc4 Kg5 47. a5 Rd6 48. Re4 Kh4 49. Rf4 Kg5 50. Rc4 Kh4 51. Rc2 Rd4 52. Rc6 Kxg4 53. Rxa6 Kf3 54. Re6 Rxb4 55. Kxd2 Ra4 56. Re5 Kf4 57. Rh5 Ra3 58. Kc2 Rg3 59. Kb2 Rg6 60. Kc3 Ra6 61. Kb4 c6 62. Rh8 Ke5 63. Rb8 Kd6 64. Rb6 Ra7 65. a6 Kc7 66. Kc5 Kc8 67. Kxc6 Rh7 68. Rb7 Rxb7 69. axb7+ Kb8 1/2-1/2

[Event "Dortmund"]
[Site "?"]
[Date "1992.??.??"]
[Round "?"]
[White "Huebner, R."]
[Black "Piket, Je"]
[Result "1/2-1/2"]
[WhiteElo "2615"]
[BlackElo "2615"]
[PlyCount "79"]
[EventDate "1992.??.??"]
[Source "ChessBase"]
[SourceDate "1992.02.01"]

1. e4 e5 2. Nf3 Nc6 3. Bb5 a6 4. Ba4 Nf6 5. O-O Nxe4 6. d4 Be7 7. Re1 b5 8. Bb3 d5 9. dxe5 Be6 10. c3 O-O 11. Nd4 Nxd4 12. cxd4 h6 13. f3 Ng5 14. Nc3 c5 15. f4 cxd4 16. Ne2 d3 17. Qxd3 Bc5+ 18. Nd4 Bf5 19. Qxf5 Ne6 20. Be3 Nxd4 21. Qd3 Nxb3 22. axb3 d4 23. Bf2 Qd5 24. h3 Rfe8 25. Kh2 a5 26. Rec1 Bb6 27. Rc2 Rec8 28. Rac1 Rxc2 29. Rxc2 a4 30. bxa4 bxa4 31. Be1 Qb3 32. Qxb3 axb3 33. Rc6 Ba5 34. Bxa5 Rxa5 35. Rb6 d3 36. Rd6 Ra2 37. Rxd3 Rxb2 38. Kg3 g5 39. f5 Re2 40. Rxb3 1/2-1/2

[Event "Yerevan (ol)"]
[Site "?"]
[Date "1996.??.??"]
[Round "?"]
[White "Lautier, J."]
[Black "Krasenkow, M."]
[Result "1/2-1/2"]
[WhiteElo "2620"]
[BlackElo "2605"]
[PlyCount "82"]
[EventDate "1996.??.??"]
[Source "ChessBase"]
[SourceDate "1996.06.01"]

1. e4 e5 2. Nf3 Nc6 3. Bb5 a6 4. Ba4 Nf6 5. O-O Nxe4 6. d4 b5 7. Bb3 d5 8. dxe5 Be6 9. Be3 Be7 10. c3 O-O 11. Nbd2 Qd7 12. Re1 Rad8 13. Bc2 Nxd2 14. Qxd2 Bf5 15. Rad1 Rfe8 16. Bf4 Qe6 17. Bg3 Qg6 18. Bxf5 Qxf5 19. Qe3 Bf8 20. h3 h6 21. Nd4 Qg6 22. f4 Nxd4 23. cxd4 c5 24. dxc5 Bxc5 25. Qxc5 Qxg3 26. Qf2 Qxf2+ 27. Kxf2 d4 28. Ke2 g5 29. g3 f6 30. Kd3 gxf4 31. gxf4 Kf7 32. Rc1 fxe5 33. fxe5 Re6 34. Rc5 Rg6 35. Rc7+ Ke8 36. e6 Rd6 37. e7 Rge6 38. Rxe6 Rxe6 39. Ra7 Re3+ 40. Kxd4 Rxh3 41. b3 Rh5 1/2-1/2

[Event "IV Open"]
[Site "Calvia ESP"]
[Date "2007.10.18"]
[Round "4"]
[White "Arencibia Rodriguez, W."]
[Black "Vallejo Pons, F."]
[Result "0-1"]
[WhiteElo "2562"]
[BlackElo "2660"]
[PlyCount "102"]
[EventDate "2007.10.15"]
[Source "www.chesslib.no"]
[SourceDate "2004.05.04"]

1. e4 e5 2. Nf3 Nc6 3. Bb5 a6 4. Ba4 Nf6 5. O-O Nxe4 6. d4 b5 7. Bb3 d5 8. dxe5 Be6 9. c3 Be7 10. Be3 Nc5 11. Bc2 Nd7 12. Bd4 g5 13. Qe2 g4 14. Ne1 Nxd4 15. cxd4 c5 16. dxc5 Bxc5 17. Nd3 Bd4 18. Nd2 Rc8 19. Nb3 Bb6 20. Rad1 Rc4 21. g3 Qg5 22. Qd2 Nxe5 23. Nxe5 Qxe5 24. Bd3 Ra4 25. Nc1 h5 26. Bc2 h4 27. Nd3 Qf6 28. Bxa4 hxg3 29. Qf4 gxf2+ 30. Rxf2 Qxf4 31. Nxf4 bxa4 32. Rdd2 Kd7 33. Kf1 Bxf2 34. Rxf2 Kd6 35. Ke1 d4 36. Rd2 Bf5 37. Rxd4+ Ke5 38. Rxa4 Rxh2 39. Ne2 Bd3 40. Nc1 Be4 41. Ra5+ Kf4 42. Rxa6 Rh1+ 43. Kd2 Rxc1 44. Kxc1 g3 45. Rf6+ Bf5 46. Rd6 g2 47. Rd1 Ke3 48. a4 Bd3 49. Re1+ Kf2 50. Kd2 f5 51. b4 f4 0-1

[Event "Aeroflot Open"]
[Site "Moscow"]
[Date "2003.02.15"]
[Round "5"]
[White "Efimenko, Zahar"]
[Black "Kaidanov, Gregory"]
[Result "0-1"]
[WhiteElo "2590"]
[BlackElo "2629"]
[PlyCount "79"]
[EventDate "2003.02.10"]
[Source "Roberto Alvarez"]
[SourceDate "2003.02.24"]

1. e4 e5 2. Nf3 Nc6 3. Bb5 a6 4. Ba4 Nf6 5. O-O Nxe4 6. d4 b5 7. Bb3 d5 8. dxe5 Be6 9. Be3 Be7 10. c3 O-O 11. Re1 Na5 12. Bc2 Nc4 13. Bc1 Bc5 14. Nd4 Nxf2 15. Kxf2 Qh4+ 16. Kg1 Bg4 17. Re2 Bxe2 18. Qxe2 Bxd4+ 19. cxd4 Qxd4+ 20. Qf2 Qxf2+ 21. Kxf2 Nxe5 22. Bf4 Rfe8 23. Nc3 Rad8 24. h3 d4 25. Ne4 Ng6 26. Bg5 Rd5 27. h4 d3 28. Bb3 Rf5+ 29. Ke3 Rfe5 30. Kxd3 Rxe4 31. Rf1 Nh8 32. Bd5 Re1 33. Rxe1 Rxe1 34. b4 Ng6 35. Kd4 h6 36. Bd2 Rd1 37. Kc3 Nxh4 38. Bb7 Nf5 39. Bxa6 Nd6 40. Kd4 0-1

[Event "Reykjavik"]
[Site "?"]
[Date "1987.??.??"]
[Round "?"]
[White "Timman, J."]
[Black "Kortchnoi, V."]
[Result "0-1"]
[WhiteElo "2590"]
[BlackElo "2625"]
[PlyCount "148"]
[EventDate "1987.??.??"]
[Source "ChessBase"]
[SourceDate "1987.01.01"]

1. e4 e5 2. Nf3 Nc6 3. Bb5 a6 4. Ba4 Nf6 5. O-O Nxe4 6. d4 b5 7. Bb3 d5 8. dxe5 Be6 9. Be3 Be7 10. c3 Qd7 11. Nbd2 Rd8 12. Nxe4 dxe4 13. Qxd7+ Bxd7 14. Ng5 Nxe5 15. Bd4 Bxg5 16. Bxe5 O-O 17. Bxc7 Rc8 18. Bb6 Rfe8 19. Rfe1 h5 20. Bd4 Bc6 21. Re2 Rcd8 22. h3 h4 23. a4 b4 24. Bc4 Bb7 25. Rae1 bxc3 26. Bxc3 Bf6 27. Bxf6 gxf6 28. f3 Rd4 29. b3 f5 30. fxe4 Rexe4 31. Rxe4 fxe4 32. Kf2 Rd2+ 33. Re2 Rxe2+ 34. Bxe2 a5 35. g4 f6 36. Ke3 Kf7 37. Bc4+ Ke7 38. Kd4 Kd6 39. Bb5 e3 40. Kxe3 Bg2 41. Kf4 Bxh3 42. g5 Ke7 43. gxf6+ Kxf6 44. Bc4 Bc8 45. Bd5 h3 46. Bc4 Ke7 47. Kg3 Kd6 48. b4 axb4 49. Bb3 Kc5 50. Kh2 Kb6 51. Kg3 Ka5 52. Bc2 Be6 53. Kh2 Bd7 54. Bb3 Kb6 55. Kg3 Kc5 56. Kh2 Kd6 57. Kg3 Be6 58. Bc2 Kc5 59. Bd1 Kc4 60. Kh2 Kc3 61. a5 Bc8 62. Kg3 Kd4 63. Bb3 Kc5 64. Ba4 Be6 65. Kh2 Kd6 66. Kg3 Kc7 67. Bc2 Kc6 68. Ba4+ Kb7 69. Bb5 b3 70. Bd3 b2 71. Kh2 Kc6 72. Kg3 Kc5 73. Kh2 Bc8 74. Kg3 Kb4 0-1

[Event "13th HIT Open A"]
[Site "Nova Gorica SLO"]
[Date "2008.01.29"]
[Round "5"]
[White "Perunovic, Mil"]
[Black "Predojevic, B."]
[Result "1/2-1/2"]
[WhiteElo "2570"]
[BlackElo "2641"]
[PlyCount "54"]
[EventDate "2008.01.26"]
[Source "www.chesslib.no"]
[SourceDate "2004.05.04"]

1. e4 e5 2. Nf3 Nc6 3. Bb5 a6 4. Ba4 Nf6 5. O-O Nxe4 6. d4 b5 7. Bb3 d5 8. dxe5 Be6 9. Be3 Be7 10. c3 O-O 11. Nbd2 Qd7 12. Re1 Nxd2 13. Qxd2 Na5 14. Bc2 Nc4 15. Qd3 g6 16. Bh6 Nxb2 17. Qe3 Rfe8 18. Qf4 Rab8 19. a3 Rb6 20. Bg5 Bf8 21. Bh6 Be7 22. Bg5 Rc6 23. Qc1 Na4 24. Bxa4 bxa4 25. Bxe7 Qxe7 26. Rb1 Rb6 27. Rb4 Reb8 1/2-1/2

[Event "Reykjavik ISL"]
[Site "?"]
[Date "2006.03.12"]
[Round "7"]
[White "Stefansson Hannes"]
[Black "Fressinet Laurent"]
[Result "1/2-1/2"]
[WhiteElo "2585"]
[BlackElo "2625"]
[PlyCount "73"]
[EventDate "2006.??.??"]
[Source "www.chesslib.no"]
[SourceDate "2004.05.04"]

1. e4 e5 2. Nf3 Nc6 3. Bb5 a6 4. Ba4 Nf6 5. O-O Nxe4 6. d4 b5 7. Bb3 d5 8. dxe5 Be6 9. c3 Be7 10. Nbd2 O-O 11. Bc2 f5 12. exf6 Nxf6 13. Nb3 Bg4 14. Qd3 Qd7 15. Nbd4 Nxd4 16. cxd4 Bxf3 17. Qxf3 Bd6 18. Bf5 Qf7 19. Re1 Rae8 20. Rxe8 Nxe8 21. Bc8 Nf6 22. Bh3 Qe8 23. Be3 Kh8 24. g3 Ne4 25. Qg4 Qf7 26. Rf1 c5 27. dxc5 Bxc5 28. Bxc5 Nxc5 29. Qd4 Ne4 30. Bg2 h6 31. a3 Qf5 32. Re1 Nf6 33. h3 Rc8 34. Bf1 Ne4 35. Bd3 Qxh3 36. Bxe4 dxe4 37. Qxe4 1/2-1/2